00476nam a2200157 i 450000100060000000300090000600500170001500700030003200800410003510000190007624501010009526000390019630000250023565100370026085200210029792095ES-MaACL20230906180910.0t|050221s1914 xxk ||||1| eng d1 aLeyland, John.10aThe Royal Navy b: Its influence in English History and the Grow the of Empire / cJohn Leyland. aCambridge : bUniv. Press, c1914. aX, 167 p. ; c16 cm. 4aGran Bretaña-xHistoria naval. aES-MaACLjD-3288